00932nam a22002537a 450000500170000001000130001702000220003003500130005203700160006504000120008108200160009310000270010924501360013625000110027226000430028327000500032630000270037650000200040365000210042365000290044494200250047399900190049895201610051720170124110009.0 aA-944320 c00.00a8186030603 aA-944320 bCen Lib/Ret aDPLbEN a370.1bSHA  aSharma, Namrata917343 aValue creators in education /cby Namrata Sharma bjapanese educator makiguchi & mahatma gandhi and relevance for india education / a2nd ed aNew DelhibRegency Publications c1999 bNew Delhia20/36, Old Market West Patel Nagar a136p.;c21cm(Hb)bill. aIncludes index  aEducation 91169 aEducation values 917344 2ddccENh370.1mSHA  c126364d126364 04104070aLbLd2015-06-25eCen Lib/Retg0.00l0o370.1 SHApA-944320r2015-06-25 00:00:00t1v0.00w2015-06-25yENzW/d List No. 6896/24 ; dtd 19/10/2020